Normal view
MARC view
Entry Topical Term
001 - CONTROL NUMBER
- control field: 54907
003 - CONTROL NUMBER IDENTIFIER
- control field: OSt
005 - DATE AND TIME OF LATEST TRANSACTION
- control field: 20241007094613.0
008 - FIXED-LENGTH DATA ELEMENTS
- fixed length control field: 241007|| aca||aabn | a|a d
040 ## - CATALOGING SOURCE
- Original cataloging agency: OSt
- Transcribing agency: OSt
150 ## - HEADING--TOPICAL TERM
- Topical term or geographic name entry element: ဆရာတော်များ
- General subdivision: ထေရုပ္ပတ္တိ
670 ## - SOURCE DATA FOUND
- Source citation: Work cat.: (OSt): သိန်း၊ ဆရာ ၊မှော်ဘီ။, ဘွဲ့တံဆိပ်တော်ရ ဆရာတော်များနှင့် ရှေးနှောင်းထင်ပေါ် ဆရာတော် (၁၀၅) ပါးတို့၏ အတ္ထုပ္ပတ္တိအကျဉ်း /, ၂၀၀၉။